Didaktika sociálnej práce

Bibliographic Details
Main Authors: Hangoni, Tomáš, 1964- (Author), Cehelská, Daniela (Author)
Format: Book
Language:Slovak
PhysicalDescription:143 s. 21 cm
Published: V Prešove Prešovská univerzita, Pravoslávna bohoslovecká fakulta 2014
ISBN:9788055510729
Edition:1. vyd.
Subjects:

MARC

LEADER 00000cam a2200000 a 4500
001 vtls010602915
003 SK-MaSNL
005 20260301034818.0
008 240318s2014 xo e 000 0 slo
015 |a SNBA2014/07 
020 |a 9788055510729  |q (brož.) 
035 |a DEACE502-F07A-46D4-A7B1-4B4EA60B6F17 
035 |a urn:nbn:sk:snk-amk40r 
035 |a urn:nbn:sk:snk-am00567x 
040 |a SNK  |b slo  |c SNK  |e AACR2 
041 0 |a slo 
044 |a xo  |c SK 
072 7 |a 364-1/-7  |x Druhy sociálnej pomoci a služieb  |2 konspekt 
080 |a 364-78  |2 2001 
080 |a 37.016.026  |2 2001 
080 |a (075.8)  |2 2001 
100 1 |a Hangoni, Tomáš,  |d 1964-  |4 aut  |9 209599 
245 1 0 |a Didaktika sociálnej práce  |c Tomáš Hangoni, Daniela Cehelská 
250 |a 1. vyd. 
260 |a V Prešove  |b Prešovská univerzita, Pravoslávna bohoslovecká fakulta  |c 2014 
300 |a 143 s.  |c 21 cm 
650 0 7 |a sociálna práca  |2 SNKPH  |9 1550 
650 0 7 |a didaktika vyučovacích predmetov  |2 SNKPH  |9 4030 
650 0 7 |a Social work  |2 SNKPHeng  |9 268197 
650 0 7 |a Teaching school subjects  |2 SNKPHeng  |9 270805 
655 7 |a učebnice vysokých škôl  |2 SNKPH  |9 70191 
655 7 |a Textbooks (higher)  |2 SNKPHeng  |9 276436 
700 1 |a Cehelská, Daniela  |4 aut  |9 274874 
852 |a Štátna vedecká knižnica v Banskej Bystrici 
919 |a 978-80-55-1072-9 
999 |c 582602  |d 584532 
952 |a SNK  |b SNK  |y PREZ  |7 0  |p 17A1112621  |o snkSC 160063  |i snk2014/14479  |8 0  |0 0  |1 0  |4 0  |d 2014-06-24  |f 1  |l 0  |r 2025-08-22 00:00:00  |w 2026-02-23 
952 |a SNK  |b SNK  |y VYP  |7 0  |p 17A1112622  |o snkSC 160063 D1  |i snk2014/14480  |8 0  |0 0  |1 0  |4 0  |d 2014-06-24  |l 0  |r 2026-02-23 14:57:18  |w 2026-02-23